1367 1185 1624 1921 1041 1288 1840 1589 1231 1740 1940 1112 1408 1986 1080 1551 1324 1917 1793 1439 1779 1417 1514 1965 1215 1902 1453 1296 1154 1639 1225 1683 1925 1497 1437 1552 1663 1835 1976 1923 1504 1345 1838 1818 1924 1227 1646 1699 1510 1289 1131 1163 1811 1972 1797 1978 1718 1257 1965 1548 1532 1038 1685 1750 1934 1141 1880 1859 1302 1477 1724 1400 1777 1998 1734 1630 1320 1444 1405 1198 1232 1403 1645 1802 1092 1046 1733 1258 1104 1250 1802 1103 1548 1125 1741 1291 1664 1084 1957 BCNSPRNW ULIB Ver.6.0+V

เปลี่ยนเป็นภาษาไทย

Change to English
 แสดงรายละเอียดบรรณานุกรม
  กลับหน้าหลัก

Brief Record : Get Marc (ISO 2709) : E-mail record : QR code < ปิดหน้าต่าง
LEADER : 00000nam 2200000uu 4500
001    13399107893
003     ULIB
008    110209s||||||||th 000 0 tha d
020    9789747488845
060 04 WZ100^bม258 2550
245 00 มองอนาคตกับพ่อเสม /^cมูลนิธิแพทย์ชนบท
250    พิมพ์ครั้งที่ 1
260    นนทบุรี :^bมูลนิธิ,^c2550
300    133 หน้า :^bภาพประกอบ ;^c21 ซม.
500    จัดพิมพ์เนื่องในโอกาส นพ.เสม พริ้งพวงแก้วมีอายุครบ 96 ปี
600 07 เสม พริ้งพวงแก้ว,^d2454- ^xผลงาน
650  7 ระบบบริการสุขภาพ^xรวมเรื่อง
650  7 สาธารณสุขมูลฐาน, การบริการ
650  7 บริการสุขภาพ
710 2  มูลนิธิแพทย์ชนบท
945    ^p0^l0^i021970
995    เกษร
999 ^a ใช้งานได้ทุกระบบ
รายการนี้ยังไม่มีแท็ก
คุณยังไม่ได้ล็อกอิน คุณสามารถมีกิจกรรมร่วมกับเว็บไซต์ได้ แต่ต้องล็อกอินก่อน ::
  ล็อกอิน

รายการสื่อสารสนเทศ

ลำดับที่ ประเภท เลขเรียก/บาร์โค้ด สถานที่ สถานะ
- ไม่พบข้อมูล -

รายการใกล้เคียง
    หัวเรื่อง [สาธารณสุขมูลฐาน, การบริการ]
    หัวเรื่อง [บริการสุขภาพ]

BibComment


ยังไม่เคยถูกคอมเมนท์

คอมเมนท์ทรัพยากรรายการนี้
  คอมเมนท์: มองอนาคตกับพ่อเสม..


 Copyright 2026. Bcnsprnw @Library